<?xml version="1.0" encoding="UTF-8"?>
<marc:record xmlns:marc="http://www.loc.gov/MARC21/slim">
   <marc:leader>00000nam a2200000 a 4500</marc:leader>
   <marc:datafield ind1=" " ind2=" " tag="653">
      <marc:subfield code="a">Softcover</marc:subfield>
   </marc:datafield>
   <marc:datafield ind1=" " ind2=" " tag="653">
      <marc:subfield code="a">Karte</marc:subfield>
   </marc:datafield>
   <marc:datafield ind1=" " ind2=" " tag="653">
      <marc:subfield code="a">Lernen / Unterrichtsmaterialien f. Lehrer</marc:subfield>
   </marc:datafield>
   <marc:datafield ind1="0" ind2="0" tag="245">
      <marc:subfield code="a">Textverständnis trainieren</marc:subfield>
   </marc:datafield>
   <marc:datafield ind1="0" ind2="0" tag="245">
      <marc:subfield code="c">Gustavo Korsch</marc:subfield>
   </marc:datafield>
   <marc:datafield ind1=" " ind2="1" tag="264">
      <marc:subfield code="a">Mülheim an der Ruhr</marc:subfield>
      <marc:subfield code="b">Verl. an der Ruhr</marc:subfield>
      <marc:subfield code="c">2006</marc:subfield>
   </marc:datafield>
   <marc:datafield ind1="1" ind2=" " tag="520">
      <marc:subfield code="a">Angaben aus der Verlagsmeldung

Die Bewerbung / von Gustavo Korsch

Mindestvoraussetzung für einen Ausbildungsplatz oder eine Arbeitsstelle für Jugendliche heutzutage ist es, alle Phasen der Bewerbungsprozedur perfekt zu beherrschen. Die Textsammlung sorgt mit unterschiedlichen Beiträgen wie Anschreiben, Gesprächsprotokollen oder Prüfungsfragebögen für einen Überblick über alle Bestandteile eines Bewerbungsverfahrens. Die einzelnen Beiträge liefern wichtige Infos: Wie sieht eine perfekte Bewerbung aus? Gibt es einen Dresscode für Vorstellungsgespräche? Was steht in einem Lebenslauf? Differenzierte Aufgaben zu jedem der Texte sorgen dafür, dass Jugendliche ihre Bewerbung sprachlich meistern und statten sie mit dem erforderlichen Wortschatz zum Thema „Bewerbung“ aus.
</marc:subfield>
   </marc:datafield>
   <marc:datafield ind1=" " ind2=" " tag="020">
      <marc:subfield code="a">9783834600691</marc:subfield>
      <marc:subfield code="9">9783834600691</marc:subfield>
   </marc:datafield>
   <marc:datafield ind1=" " ind2=" " tag="020">
      <marc:subfield code="a">3834600695</marc:subfield>
      <marc:subfield code="9">3834600695</marc:subfield>
   </marc:datafield>
   <marc:datafield ind1=" " ind2=" " tag="041">
      <marc:subfield code="a">ger</marc:subfield>
   </marc:datafield>
   <marc:datafield ind1=" " ind2=" " tag="300">
      <marc:subfield code="a">67 Bl.</marc:subfield>
   </marc:datafield>
</marc:record>
